<?xml version="1.0" encoding="UTF-8"?>
<collection xmlns="http://www.loc.gov/MARC21/slim">
 <record>
  <leader>00917cam a2200205 7i4500</leader>
  <controlfield tag="001">0000005679</controlfield>
  <controlfield tag="005">20020417090000.0</controlfield>
  <datafield tag="020" ind1="0" ind2="0">
   <subfield code="a">0889365156 </subfield>
  </datafield>
  <datafield tag="090" ind1="0" ind2="0">
   <subfield code="a">SH 328 </subfield>
   <subfield code="b">R433</subfield>
  </datafield>
  <datafield tag="245" ind1="0" ind2="0">
   <subfield code="a">Reservoir fishery management and development in Asia : </subfield>
   <subfield code="b">proceedings of a workshop held in Kathmandu, Nepal, 23-28 November 1987  </subfield>
   <subfield code="c">editor Sena S. De Silva..</subfield>
  </datafield>
  <datafield tag="260" ind1="0" ind2="0">
   <subfield code="a">Ottawa, Canada: </subfield>
   <subfield code="b">International Development Research Centre, </subfield>
   <subfield code="c">1988..</subfield>
  </datafield>
  <datafield tag="300" ind1="#" ind2="#">
   <subfield code="a">246p.: </subfield>
   <subfield code="b">ill.; </subfield>
   <subfield code="c">24cm..</subfield>
  </datafield>
  <datafield tag="650" ind1="0" ind2="0">
   <subfield code="a">Fishes -- </subfield>
   <subfield code="x">Congresses. </subfield>
  </datafield>
  <datafield tag="650" ind1="0" ind2="0">
   <subfield code="a">Freshwater fishes -- </subfield>
   <subfield code="x">Congresses. -- </subfield>
   <subfield code="z">Asia </subfield>
  </datafield>
  <datafield tag="650" ind1="0" ind2="0">
   <subfield code="a">Fishery management -- </subfield>
   <subfield code="x">Congresses. -- </subfield>
   <subfield code="z">Asia </subfield>
  </datafield>
  <datafield tag="700" ind1="1" ind2="1">
   <subfield code="a">De Silva, Sena S. </subfield>
  </datafield>
  <datafield tag="710" ind1="2" ind2="1">
   <subfield code="a">International Development Research Centre (Canada). </subfield>
  </datafield>
  <datafield tag="710" ind1="2" ind2="1">
   <subfield code="a">Workshop Reservoir Fishery Management and Development in Asia (1987 : </subfield>
  </datafield>
  <datafield tag="999" ind1=" " ind2=" ">
   <subfield code="a">1000226339</subfield>
   <subfield code="b">Book</subfield>
   <subfield code="c">Open Shelf</subfield>
   <subfield code="e">KOLEKSI TERBUKA</subfield>
  </datafield>
  <datafield tag="999" ind1=" " ind2=" ">
   <subfield code="a">1000226338</subfield>
   <subfield code="b">Book</subfield>
   <subfield code="c">Open Shelf</subfield>
   <subfield code="e">KOLEKSI TERBUKA</subfield>
  </datafield>
 </record>
</collection>
